Globalization and the poor periphery before 1950 (Record no. 248253)
[ view plain ]
| 000 -LEADER | |
|---|---|
| fixed length control field | 01402nam a2200349Ia 4500 |
| 082 04 - DEWEY DECIMAL CLASSIFICATION NUMBER | |
| Classification number | 337/.09172/409041 |
| 100 1# - MAIN ENTRY--AUTHOR NAME | |
| Personal name | Williamson, Jeffrey G., |
| 245 10 - TITLE STATEMENT | |
| Title | Globalization and the poor periphery before 1950 |
| 260 ## - PUBLICATION, DISTRIBUTION, ETC. (IMPRINT) | |
| Place of publication | Cambridge, MA : |
| Name of publisher | MIT Press, |
| Year of publication | 2006. |
| 300 ## - PHYSICAL DESCRIPTION | |
| Number of Pages | x, 189 p. |
| 490 1# - SERIES STATEMENT | |
| Series statement | Ohlin lectures ; |
| 650 #0 - SUBJECT ADDED ENTRY--TOPICAL TERM | |
| Topical Term | Industrialization |
| Topical Term | Globalization |
| Topical Term | Economic history |
| 856 40 - ELECTRONIC LOCATION AND ACCESS | |
| Uniform Resource Identifier | http://site.ebrary.com/lib/rucke/Doc?id=10173533 |
No items available.
